[Event "Mistrzostwa Malopolski Gr-B, Krakow"]
[Site "Krakow"]
[Date "2012.??.??"]
[Round "7.3"]
[White "Sleczka, Bartosz"]
[Black "Zajac, Mateusz"]
[Result "1/2-1/2"]
[WhiteElo "1915"]
[BlackElo "1904"]
[PlyCount "76"]
[EventDate "2012.??.??"]

1. e4 c5 2. Nf3 d6 3. d4 cxd4 4. Nxd4 Nf6 5. Nc3 a6 6. Be2 e5 7. Nb3 Be7 8. O-O
O-O 9. Be3 Be6 10. Nd5 Bxd5 11. exd5 Nbd7 12. f4 exf4 13. Rxf4 Ne8 14. Rb4 Bf6
15. Rxb7 Bxb2 16. Rb1 Bf6 17. Nd4 Ne5 18. Nc6 Nxc6 19. dxc6 Qc8 20. Qd5 Be5 21.
Bc4 Nf6 22. Qf3 Qg4 23. Qxg4 Nxg4 24. Ba7 Rac8 25. c7 d5 26. Be2 Nf6 27. Bb8
Nd7 28. Ba7 Bxc7 29. Bxa6 Nf6 30. Bd4 Bf4 31. Bd3 Ra8 32. Rf1 Bg5 33. Rf5 h6
34. Rb2 Ra4 35. c3 Rfa8 36. Bb1 R4a5 37. g3 Ng4 38. Rf3 Bf6 1/2-1/2

[Event "Mistrzostwa Malopolski Gr-B, Krakow"]
[Site "Krakow"]
[Date "2012.??.??"]
[Round "7.4"]
[White "Krzeminski, Sebastian"]
[Black "Sobczynski, Roman"]
[Result "1/2-1/2"]
[WhiteElo "1723"]
[BlackElo "1886"]
[PlyCount "98"]
[EventDate "2012.??.??"]

1. d4 d5 2. c4 e6 3. Nc3 Nf6 4. Bg5 Be7 5. e3 O-O 6. Nf3 Nbd7 7. Rc1 a6 8. cxd5
exd5 9. Bd3 c6 10. O-O Re8 11. Re1 Nf8 12. h3 Ne6 13. Bh4 Nh5 14. Bxe7 Qxe7 15.
Qc2 g6 16. e4 Ng5 17. Re3 Nxf3+ 18. Rxf3 dxe4 19. Nxe4 Bf5 20. Re3 Bxe4 21.
Bxe4 Qd7 22. Rd1 Nf4 23. Bf3 Nd5 24. Re5 Nc7 25. Rc5 Ne6 26. Rc4 Ng5 27. Bg4 f5
28. h4 fxg4 29. hxg5 g3 30. fxg3 Qg4 31. Qb3 Kh8 32. d5 Qxg5 33. Qc3+ Qe5 34.
Qxe5+ Rxe5 35. dxc6 bxc6 36. Rxc6 Re2 37. Rb6 Kg7 38. Rd7+ Kh6 39. Rbb7 Rc8 40.
Rxh7+ Kg5 41. Rhc7 Rxc7 42. Rxc7 Rxb2 43. Rc5+ Kg4 44. Ra5 Kxg3 45. Ra3+ Kh4
46. Rxa6 g5 47. Kh2 g4 48. Rh6+ Kg5 49. Ra6 Kh4 1/2-1/2

[Event "Mistrzostwa Malopolski Gr-B, Krakow"]
[Site "Krakow"]
[Date "2012.??.??"]
[Round "7.5"]
[White "Kowalewski, Wladyslaw"]
[Black "Suliborski, Artur"]
[Result "1/2-1/2"]
[WhiteElo "1748"]
[BlackElo "1723"]
[PlyCount "103"]
[EventDate "2012.??.??"]

1. e4 e6 2. d4 d5 3. exd5 exd5 4. Nf3 Nc6 5. Be2 Bd6 6. O-O Nf6 7. Bg5 O-O 8.
Nc3 Be6 9. h3 a6 10. a3 Be7 11. Bd3 h6 12. Be3 Bd6 13. Qd2 Ne7 14. Nh4 Ne4 15.
Bxe4 dxe4 16. Nxe4 Nd5 17. Nf3 Nxe3 18. fxe3 Be7 19. Ng3 Bc4 20. Rf2 c6 21. b3
Be6 22. a4 Qc7 23. Ne2 g5 24. e4 f5 25. exf5 Rxf5 26. Ne5 Rxf2 27. Kxf2 Rf8+
28. Kg1 Bd6 29. Ng4 Bxg4 30. hxg4 Bh2+ 31. Kh1 Bd6 32. Ng1 Rf4 33. Qe2 Qd7 34.
Nf3 Rxg4 35. Re1 Kf7 36. Ne5+ Bxe5 37. dxe5 Rh4+ 38. Kg1 Qd4+ 39. Qf2+ Qxf2+
40. Kxf2 Ke6 41. Kg3 a5 42. Kf3 b5 43. axb5 cxb5 44. Ra1 a4 45. g3 Rb4 46. bxa4
bxa4 47. Rh1 Kxe5 48. Rxh6 Rc4 49. Ra6 g4+ 50. Ke3 Rxc2 51. Rxa4 Rc3+ 52. Kf2
1/2-1/2

[Event "Mistrzostwa Malopolski Gr-B, Krakow"]
[Site "Krakow"]
[Date "2012.??.??"]
[Round "8.2"]
[White "Grajczak, Adrian"]
[Black "Sleczka, Bartosz"]
[Result "1/2-1/2"]
[WhiteElo "1969"]
[BlackElo "1915"]
[PlyCount "73"]
[EventDate "2012.??.??"]

1. e4 e5 2. Nf3 Nc6 3. Bb5 a6 4. Ba4 Nf6 5. O-O Be7 6. Re1 b5 7. Bb3 d6 8. c3
Na5 9. Bc2 c5 10. d4 Qc7 11. h3 O-O 12. Nbd2 Nc6 13. d5 Nd8 14. Nf1 Ne8 15. Ng3
g6 16. Bh6 Ng7 17. Qd2 f6 18. a4 Qb7 19. axb5 axb5 20. b4 Nf7 21. bxc5 dxc5 22.
Be3 Bd7 23. Nh2 f5 24. f4 exf4 25. Bxf4 g5 26. Rxa8 Rxa8 27. exf5 gxf4 28. Rxe7
fxg3 29. Nf1 Ra6 30. Qf4 Rf6 31. Qh4 Rh6 32. Qxg3 Kf8 33. Qe3 Rd6 34. f6 Rxf6
35. Qxc5 Qc8 36. Qb4 Nd6 37. Re6 1/2-1/2

[Event "Mistrzostwa Malopolski Gr-B, Krakow"]
[Site "Krakow"]
[Date "2012.??.??"]
[Round "8.3"]
[White "Jasiak, Filip"]
[Black "Zadlo, Maciej"]
[Result "1/2-1/2"]
[WhiteElo "1897"]
[BlackElo "1735"]
[PlyCount "47"]
[EventDate "2012.??.??"]

1. d4 d5 2. Nf3 Nf6 3. g3 Bf5 4. Bg2 e6 5. c3 Bd6 6. O-O c6 7. Nh4 Bg6 8. Nxg6
hxg6 9. Nd2 Nbd7 10. e4 dxe4 11. Nxe4 Nxe4 12. Bxe4 Nf6 13. Bg2 Qa5 14. Re1
O-O-O 15. b4 Qf5 16. Qf3 Qxf3 17. Bxf3 Rde8 18. a4 e5 19. Be3 e4 20. Bg2 Nd5
21. Rec1 Nxe3 22. fxe3 f5 23. b5 Kc7 24. c4 1/2-1/2

[Event "Mistrzostwa Malopolski Gr-B, Krakow"]
[Site "Krakow"]
[Date "2012.??.??"]
[Round "8.4"]
[White "Zajac, Mateusz"]
[Black "Krzeminski, Sebastian"]
[Result "1-0"]
[WhiteElo "1904"]
[BlackElo "1723"]
[PlyCount "57"]
[EventDate "2012.??.??"]

1. d4 d5 2. c4 c6 3. Nf3 Nf6 4. Nc3 Bf5 5. cxd5 cxd5 6. Qb3 Bc8 7. Bg5 e6 8. e4
dxe4 9. Nxe4 Be7 10. Bb5+ Nbd7 11. Bxf6 gxf6 12. O-O Rg8 13. d5 exd5 14. Qxd5
Qb6 15. Rfe1 Kd8 16. Qxf7 Rf8 17. Qd5 a6 18. Ba4 Qb4 19. Nd4 Qxa4 20. Ne6+ Ke8
21. Qh5+ Rf7 22. Nd6+ Bxd6 23. Nc5+ Kf8 24. Qh6+ Kg8 25. Nxa4 Ne5 26. Rad1 Be7
27. Nb6 Rb8 28. Nd5 Bd8 29. f4 1-0

[Event "Mistrzostwa Malopolski Gr-B, Krakow"]
[Site "Krakow"]
[Date "2012.??.??"]
[Round "8.5"]
[White "Sobczynski, Roman"]
[Black "Suliborski, Artur"]
[Result "1/2-1/2"]
[WhiteElo "1886"]
[BlackElo "1723"]
[PlyCount "26"]
[EventDate "2012.??.??"]

1. e4 c5 2. Nf3 d6 3. Bb5+ Bd7 4. Bxd7+ Qxd7 5. O-O Nc6 6. d4 cxd4 7. Nxd4 Nf6
8. Nc3 g6 9. Bg5 Bg7 10. Re1 O-O 11. Nxc6 Qxc6 12. Nd5 Rfe8 13. Bxf6 exf6
1/2-1/2

[Event "Mistrzostwa Malopolski Gr-B, Krakow"]
[Site "Krakow"]
[Date "2012.??.??"]
[Round "9.3"]
[White "Drop, Szymon"]
[Black "Grajczak, Adrian"]
[Result "1/2-1/2"]
[WhiteElo "1720"]
[BlackElo "1969"]
[PlyCount "36"]
[EventDate "2012.??.??"]

1. e4 d6 2. d4 Nf6 3. Nc3 e5 4. dxe5 dxe5 5. Qxd8+ Kxd8 6. f3 Be6 7. Bg5 Nbd7
8. O-O-O c6 9. Be3 Bb4 10. Nge2 Kc7 11. g4 Rhb8 12. h4 b5 13. g5 Ne8 14. Bh3
Bc5 15. Rxd7+ Kxd7 16. Bxe6+ Kxe6 17. Bxc5 a5 18. Ng3 a4 1/2-1/2

[Event "Mistrzostwa Malopolski Gr-B, Krakow"]
[Site "Krakow"]
[Date "2012.??.??"]
[Round "9.4"]
[White "Zadlo, Maciej"]
[Black "Kyc, Jerzy"]
[Result "1/2-1/2"]
[WhiteElo "1735"]
[BlackElo "1732"]
[PlyCount "36"]
[EventDate "2012.??.??"]

1. e4 c5 2. c3 d5 3. exd5 Qxd5 4. d4 cxd4 5. cxd4 Nc6 6. Nf3 e5 7. Nc3 Bb4 8.
Nxe5 Nxe5 9. dxe5 Qxe5+ 10. Qe2 Qxe2+ 11. Bxe2 Nf6 12. Bd2 O-O 13. O-O Be6 14.
Bf3 Rad8 15. Be3 b6 16. Rfd1 Bg4 17. Ne4 Bxf3 18. Nxf6+ gxf6 1/2-1/2

[Event "Mistrzostwa Malopolski Gr-B, Krakow"]
[Site "Krakow"]
[Date "2012.??.??"]
[Round "9.5"]
[White "Sobczynski, Roman"]
[Black "Jasiak, Filip"]
[Result "1/2-1/2"]
[WhiteElo "1886"]
[BlackElo "1897"]
[PlyCount "28"]
[EventDate "2012.??.??"]

1. e4 c5 2. Nf3 e6 3. d4 cxd4 4. Nxd4 Nf6 5. Bd3 Nc6 6. Nxc6 dxc6 7. O-O e5 8.
Nc3 Be6 9. Kh1 Be7 10. Qe2 h6 11. f4 exf4 12. Bxf4 Qb6 13. Rab1 Ng4 14. Nd5
cxd5 1/2-1/2